S.H. Vajanský a nemecká literatúra /

Hlavní autor: Cvrkal, Ivan, 1934-
Jazyk: Slovenština
Vydáno: Bratislava : Veda, 1984
Vydání: 1.vyd.
Témata:
Fyzický popis: 180 s.
Knihy
Uloženo v:
LEADER 00636nam a22001932a 4500
001 000240586
003 CZ BrMZK
005 19970107143423.0
008 970107s1984 xo f slo d
040 |a BOA001  |b cze 
100 1 |a Cvrkal, Ivan,  |d 1934-  |7 ola2002149810 
245 1 0 |a S.H. Vajanský a nemecká literatúra /  |c Ivan Cvrkal 
250 |a 1.vyd. 
260 |a Bratislava :  |b Veda,  |c 1984 
300 |a 180 s. 
910 |a BOA001  |b PK-0098.676 
964 |a Hurban Vajanský Svetozár - literatura německá - vlivy - rozbory 
990 |a BK 
996 7 |b 3119910866  |c PK-0098.676  |l MZK  |r Sklad / do 1 hodiny  |n 1  |w 000240586  |u 000010  |a 1  |e BOA001  |j MZK50  |s A